02321cam a2200253 i 4500020001800000041000900018082001500027100003300042245006700075250001900142260002700161300001600188500002800204500005100232504006700283505066300350520090201013546001301915650003001928650002101958650002101979650003002000700003702030 a9781544355948 aeng- a361bSTR-A1 aStringer, Ernest T.eauthor.10aAction research /cErnest T. Stringer, Alfredo Ortiz Aragón. aFifth edition. aLondon :bSage,c2020. axxvi, 382p. aPrevious edition: 2014. aElectronic books ISBNs from publisher website. aIncludes bibliographical references (pages 359-369) and index.0 aSection I. An introduction to action research -- 1. Understanding action research -- 2.Theoretical foundations of action research. Section II. Action research practices and processes -- 3. Setting the stage : initiating an action research process -- 4. Look : generating and gathering data -- 5. Think : reflecting and analyzing -- 6. Act : implementing practical solutions. Section III. From local to global--action research for social change -- 7. Reporting : informing stakeholders and other audiences -- 8. Developmental approaches to social and organizational change -- 9. Action research and digital media -- Appendix : Case examples of formal reports. a"Action Research is an invaluable guide to both novice and experienced researchers from a diversity of disciplines, backgrounds, and levels of study for understanding how action research works in real-life contexts. The Fifth Edition builds on the experiences of the authors by acknowledging the dramatic changes taking place in our everyday lives, including developments of social and digital media that have become central to modern life. Author Ernest T. Stringer and new co-author Alfredo Ortiz Aragón aim to provide a meaningful methodology arising from their extensive field experience for both students and practitioners. Presenting research that produces practical, effective, and sustainable outcomes to real-world problems, Action Research helps students see the value of their research in a broader context, beyond academia, to effecting change on a larger scale"--Publisher website. aEnglish. 0aHuman servicesxResearch. 0aAction research. 7aAction research. 7aHuman servicesxResearch.1 aOrtiz Aragón, Alfredoeauthor.